| 000 | 00510nam a2200181Ia 4500 | ||
|---|---|---|---|
| 008 | 090124s9999 xx 000 0 und d | ||
| 082 | _b36543 | ||
| 100 | _aCHIPLONKAR S.M. | ||
| 245 | _aDEVELOPMENT EXPERIENCE OF FOUR COUNTRIES | ||
| 250 | _a1 | ||
| 260 |
_bSHETH PUBLISHERS PVT. LTD. _c1986 |
||
| 300 | _a419 | ||
| 600 | _aCHIPLONKAR S.M. | ||
| 630 | _aDEVELOPMENT EXPERIENCE OF FOUR COUNTRIES | ||
| 700 | _aCHIPLONKAR S.M. | ||
| 730 | _aDEVELOPMENT EXPERIENCE OF FOUR COUNTRIES | ||
| 942 | _cBOOK | ||
| 999 |
_c102498 _d102498 |
||